Teórie ekonomického rastu v historickej a teoretickej perspektíve

Teoreticko-historický prístup skúmania základov moderných teórií rastu. Rozdiely v prístupoch ekonomických teórií. Rozvoj teórií ekonomického rastu pred obdobím marginálnej revolúcie. Marginálna revolúcia a vývoj myšlienok pred formulovaním moderných teórií rastu.

Guardado en:
Detalles Bibliográficos
Autor principal: Lábaj, Martin, 1982-
Formato: Capítulo de libro
Lenguaje:eslovaco
Materias:
Etiquetas: Agregar Etiqueta
Sin Etiquetas, Sea el primero en etiquetar este registro!

MARC

LEADER 00000naa$a2200000$$$4500
001 0093720
005 20240712095119.6
041 0 |a slo 
044 |a SK 
245 1 0 |a Teórie ekonomického rastu v historickej a teoretickej perspektíve  |c Martin Lábaj 
520 |a Teoreticko-historický prístup skúmania základov moderných teórií rastu. Rozdiely v prístupoch ekonomických teórií. Rozvoj teórií ekonomického rastu pred obdobím marginálnej revolúcie. Marginálna revolúcia a vývoj myšlienok pred formulovaním moderných teórií rastu. 
610 2 0 |a teórie ekonomické 
610 2 0 |a história 
610 2 0 |a dejiny myslenia ekonomického 
610 2 0 |a dejiny teórií ekonomických 
610 2 0 |a rast hospodársky 
100 1 |a Lábaj, Martin, 1982-